| Tag |
First Indicator |
Second Indicator |
Subfields |
| LEADER |
00000nam a2200000Ii 4500 |
| 001 |
in00004633749 |
| 008 |
221230s1974 nyu 000 0 eng d |
| 005 |
20230102145038.4 |
| 035 |
|
|
|a (OCoLC)on1356509678
|
| 040 |
|
|
|a TXA
|b eng
|e rda
|c TXA
|
| 035 |
|
|
|a (OCoLC)1356509678
|
| 043 |
|
|
|a n-us-ny
|
| 050 |
|
4 |
|a PN2277.N52
|b L58 1974
|
| 245 |
0 |
0 |
|a Gay company :
|b a try-sexual musical revue : music & lyrics by Fred Silver.
|
| 264 |
|
1 |
|a New York, N.Y. :
|b Little Hippodrome,
|c [1974]
|
| 300 |
|
|
|a 1 folded sheet ;
|c 22 cm
|
| 336 |
|
|
|a text
|b txt
|2 rdacontent
|
| 337 |
|
|
|a unmediated
|b n
|2 rdamedia
|
| 338 |
|
|
|a sheet
|b nb
|2 rdacarrier
|
| 500 |
|
|
|a "New York City's first dinner theatre!"
|
| 500 |
|
|
|a The Cushing Library/Women & Gender Studies copy was acquired as part of The Don Kelly Research Collection of Gay Literature and Culture.
|5 TXA
|
| 650 |
|
0 |
|a Gay theater
|z New York (State)
|z New York.
|
| 600 |
1 |
0 |
|a Silver, Fred
|x Dramatic production.
|
| 655 |
|
7 |
|a Theater programs.
|2 lcgft
|
| 700 |
1 |
|
|a Silver, Fred.
|t In gay company.
|
| 710 |
2 |
|
|a Little Hippodrome (New York, N.Y.)
|
| 994 |
|
|
|a Z0
|b TXA
|
| 948 |
|
|
|h HELD BY TXA - 0 OTHER HOLDINGS
|
| 999 |
f |
f |
|s 71dd8640-457c-4168-9956-ebc3d8359c91
|i 0cb59a5c-1b9e-478d-b5c1-16afc9a766ee
|t 0
|
| 952 |
f |
f |
|p noncirc
|a Texas A&M University
|b College Station
|c Cushing Memorial Library & Archives
|d Cushing: Women & Gender Studies (Does not check out)
|t 0
|e PN2277.N52 L58 1974
|f Vertical File
|h Library of Congress classification
|i unmediated -- sheet
|m A14853028626
|
| 998 |
f |
f |
|a PN2277.N52 L58 1974
|t 0
|l Cushing: Women & Gender Studies (Does not check out)
|